000 00378nam a22001697a 4500
003 OSt
008 210814b ||||| |||| 00| 0 eng d
020 _a9788172345136
082 _a823
_bKAM
100 G _aKAFKA, Franz
245 _aMetamorphosis
250 _aRep
260 _aNew Delhi
_bFingerprint Pub.
_c2017
300 _a100
650 _aBiography
942 _2ddc
_cBK
999 _c10989
_d10989